Gas Dynamics vol. I (Record no. 298749)

000 -LEADER
fixed length control field 00283 a2200133 4500
001 - CONTROL NUMBER
control field 63676
082 ## - DEWEY DECIMAL CLASSIFICATION NUMBER
Classification number 533.2 ZUC
090 ## - LOCALLY ASSIGNED LC-TYPE CALL NUMBER (OCLC); LOCAL CALL NUMBER (RLIN)
-- 37675
-- 37675
100 ## - MAIN ENTRY--PERSONAL NAME
Personal name Zucrow, M J
245 ## - TITLE STATEMENT
Title Gas Dynamics vol. I
250 ## - EDITION STATEMENT
Edition statement 1
260 ## - PUBLICATION, DISTRIBUTION, ETC.
Place of publication, distribution, etc. N.Y
Name of publisher, distributor, etc. John Wiley
Date of publication, distribution, etc. 1976
300 ## - PHYSICAL DESCRIPTION
Extent viii, 772.p
942 ## - ADDED ENTRY ELEMENTS (KOHA)
Institution code [OBSOLETE] NUST-CAE
Call number prefix 533.2 ZUC
Holdings
Withdrawn status Lost status Damaged status Not for loan Collection code Permanent Location Current Location Date acquired Total Checkouts Full call number Barcode Date last seen Price effective from Koha item type
          College of Aeronautical Engineering (CAE) College of Aeronautical Engineering (CAE) 04/03/2017   533.2 ZUC CAE29794 04/05/2017 04/05/2017 Book
          College of Aeronautical Engineering (CAE) College of Aeronautical Engineering (CAE) 04/03/2017   533.2 ZUC CAEN-251 04/05/2017 04/05/2017 Book
          College of Aeronautical Engineering (CAE) College of Aeronautical Engineering (CAE) 04/03/2017   533.2 ZUC CAEN-250 04/05/2017 04/05/2017 Book
          College of Aeronautical Engineering (CAE) College of Aeronautical Engineering (CAE) 04/03/2017   533.2 ZUC CAEN-249 04/05/2017 04/05/2017 Book
          College of Aeronautical Engineering (CAE) College of Aeronautical Engineering (CAE) 04/03/2017   533.2 ZUC CAEN-248 04/05/2017 04/05/2017 Book
          College of Aeronautical Engineering (CAE) College of Aeronautical Engineering (CAE) 04/03/2017   533.2 ZUC CAEN-247 04/05/2017 04/05/2017 Book
          College of Aeronautical Engineering (CAE) College of Aeronautical Engineering (CAE) 04/03/2017   533.2 ZUC CAEN-246 04/05/2017 04/05/2017 Book
          College of Aeronautical Engineering (CAE) College of Aeronautical Engineering (CAE) 04/03/2017   533.2 ZUC CAE29795 04/05/2017 04/05/2017 Book
© 2023 Central Library, National University of Sciences and Technology. All Rights Reserved.